Before They Were President Quiz Stats

 Plays Quiz Updated Sep 23, 2016

Challenge
Share
Tweet
Score 0/24 Timer 05:00
0 Plays Today
% Correct
Barack Obama
97.8%
Abraham Lincoln
97.3%
George W. Bush
84.2%
John F. Kennedy
78.6%
Jimmy Carter
75.8%
Bill Clinton
73.7%
Richard Nixon
72.4%
George H. W. Bush
66.4%
Ronald Reagan
65%
Dwight D. Eisenhower
64.2%
Harry S. Truman
62.9%
Lyndon B. Johnson
57.8%
% Correct
Franklin D. Roosevelt
55.8%
Woodrow Wilson
49.2%
Herbert Hoover
46.3%
Calvin Coolidge
43.8%
Ulysses S. Grant
41.4%
William Howard Taft
38.4%
Gerald Ford
31.9%
Andrew Johnson
27.9%
Chester A. Arthur
25.1%
Theodore Roosevelt
25.1%
Rutherford B. Hayes
18.6%
Benjamin Harrison
17%

You're not logged in!

Compare scores with friends on all Sporcle quizzes.
Join for Free
OR
Log In

You Might Also Like...

Show Comments

Extras

Top Quizzes Today


Score Distribution

Your Account Isn't Verified!

In order to create a playlist on Sporcle, you need to verify the email address you used during registration. Go to your Sporcle Settings to finish the process.

Report this User

Report this user for behavior that violates our Community Guidelines.

Details: